|
|
|
|
| LEADER |
01524nam a22003498i 4500 |
| 001 |
34416 |
| 003 |
BD-DhAAL |
| 005 |
20211118104943.0 |
| 008 |
190327t2019 nyu 001 0 eng |
| 999 |
|
|
|c 40556
|d 40556
|
| 010 |
|
|
|a 2018009506
|
| 020 |
|
|
|a 9781138674189 (hardback)
|
| 020 |
|
|
|a 9781138674219 (pbk.)
|
| 020 |
|
|
|a 9781315561448 (ebk)
|
| 040 |
|
|
|a DLC
|b eng
|e rda
|c DLC
|d BD-DhAAL
|
| 042 |
|
|
|a pcc
|
| 050 |
0 |
0 |
|a TA660.C36
|b M66 2018
|
| 082 |
0 |
0 |
|a 721
|2 23
|
| 100 |
1 |
|
|a Moon, Kyoung Sun,
|e author.
|9 30623
|
| 245 |
1 |
0 |
|a Cantilever architecture /
|c by Kyoung Sun Moon.
|
| 260 |
|
|
|a New York, NY ;
|a Milton Park, Abingdon, Oxon :
|b Routledge, Taylor & Francis Group,
|c c2018
|
| 300 |
|
|
|a x, 266 pages :
|b illustrations ;
|c 23 cm.
|
| 500 |
|
|
|a Includes index.
|
| 505 |
0 |
|
|a Horizontal cantilever. Cantilevered furniture -- Cantilevered building components -- Cantilevered buildings -- Vertial cantilevers. Structural system for tall buildings -- Damping systems for tall buildings -- Lateral load resisting systems for complex-shaped tall buildings.
|
| 526 |
|
|
|a ARC
|
| 541 |
|
|
|a Parama Publishers
|e 343416
|
| 650 |
|
0 |
|a Cantilevers.
|9 30624
|
| 650 |
|
0 |
|a Structural design.
|9 30625
|
| 650 |
|
0 |
|a Architecture
|9 42772
|
| 852 |
|
|
|c General Stacks
|
| 942 |
|
|
|2 ddc
|c BK
|
| 952 |
|
|
|0 0
|1 0
|2 ddc
|4 0
|6 721_000000000000000_MOO
|7 0
|9 65174
|a BRACUL
|b BRACUL
|c GEN
|d 2019-02-26
|e Parama Publishers
|g 2626.29
|l 6
|m 20
|o 721 MOO
|p 3010034416
|r 2025-12-04
|s 2025-11-19
|t 1
|v 2626.29
|w 2019-02-26
|y BK
|x Transferred from ARC to BRACUL on 28/12/2023
|